Normal view
MARC view
- NOL, EDWARD M
Entry Personal Name
001 - CONTROL NUMBER
- control field: 57420
003 - CONTROL NUMBER IDENTIFIER
- control field: NUST
005 - DATE AND TIME OF LATEST TRANSACTION
- control field: 20210628201923.0
008 - FIXED-LENGTH DATA ELEMENTS
- fixed length control field: 210628|| aca||aabn | a|a d
040 ## - CATALOGING SOURCE
- Original cataloging agency: NUST
- Transcribing agency: NUST
100 ## - HEADING--PERSONAL NAME
- Personal name: NOL, EDWARD M
670 ## - SOURCE DATA FOUND
- Source citation: Work cat.: (NUST): NOL, EDWARD M, MODERN COMMUNICATIONS COURSE AN MODULATION SYSTEMS, 1962
